Destination Countries from London Heathrow Airport - with Map - Statistics

General Stats
  • This quiz has been taken 4,229 times
    3,308 since last reset
  • The average score is 70 of 80
Answers on the Map
Answers color-coded by a green-red scale on the quiz's map according to % correct below.
 
Answer Stats
Country % Correct
Canada
99%
France
99%
Spain
99%
United States
99%
Brazil
98%
China
98%
Germany
98%
India
98%
Ireland
98%
Italy
98%
Mexico
98%
Portugal
98%
Russia
98%
Sweden
98%
United Kingdom
98%
Australia
97%
Finland
97%
Norway
97%
Turkey
97%
Argentina
96%
Belgium
96%
Denmark
96%
Egypt
96%
Greece
96%
Iceland
96%
Japan
96%
Netherlands
96%
Poland
96%
South Africa
96%
Saudi Arabia
95%
Switzerland
95%
Austria
94%
Indonesia
94%
Morocco
94%
South Korea
94%
Thailand
94%
Ukraine
94%
United Arab Emirates
94%
Chile
93%
Algeria
91%
Czech Republic
91%
Iran
91%
New Zealand
91%
Pakistan
90%
Romania
90%
Vietnam
90%
Colombia
89%
Croatia
89%
Israel
89%
Malaysia
89%
Hungary
88%
Philippines
88%
Tunisia
88%
Bulgaria
87%
Nigeria
87%
Oman
87%
Kenya
84%
Serbia
84%
Ethiopia
83%
Qatar
83%
Jordan
82%
Kazakhstan
82%
Singapore
80%
Malta
78%
Sri Lanka
78%
Bangladesh
77%
Cyprus
76%
Luxembourg
74%
Kuwait
73%
Lebanon
73%
Bahamas
72%
Taiwan
72%
Ghana
71%
Bahrain
69%
Azerbaijan
66%
Uzbekistan
66%
Angola
58%
Mauritius
53%
Turkmenistan
53%
Brunei
37%
No matching quizzes found
Score Distribution
Percent of People with Each Score
Percentile by Number Answered
Your Score History
You have not taken this quiz since the last reset